Objects in space - sudden death - Statistics

General Stats
  • This quiz has been taken 2,141 times
  • The average score is 10 of 32
Answers on the Grid
Answers color-coded by a green-red scale on the quiz's grid according to % correct below.
Starship Enterprise
Tattooine
Anti-matter star
Titan
Purple dwarf
Halley's Comet
Deneb
Mercury
The Tardis
Cosmo macaroni
Pluto
Tau Ceti
Cigar Galaxy
Io
Planet Express ship
Uranus
Hand of God pulsar
Eagle nebula
Kang and Kodos
Antares
SMSS J215728.21-360215.1
Sagittarius A*
Proteus
Death Star
El Gordo
Vulcan
Tethys
Mars Bar
Universe B
μ1 Boötis Aa
Naked Quasar
The Great Annihilator
Enceladus
Frogstar World A
Monogem Ring
Altair
Dysnomia
Dyson sphere
King Ghidorah Supercluster
Pollux b
Seyfert's Sextet
The Cosmic Cannonball
Sqornshellous Zeta
Najsakopajk
Gonggong
Hyperion
Himiko Lyman-alpha blob
Negative gravity planet
 
Answer Stats
Answer % Correct
Mercury
85%
Pluto
81%
Uranus
81%
Moon of Saturn Titan
80%
Halley's Comet
77%
Moon of Jupiter Io
66%
Black hole Sagittarius A*
54%
Eagle nebula
38%
Star Antares
34%
Exoplanet Pollux b
33%
Quasar SMSS J215728.21-360215.1
31%
Moon of Saturn Enceladus
27%
Cigar Galaxy
26%
Moon of Saturn Hyperion
26%
Star Tau Ceti
26%
Hand of God pulsar
24%
Moon of Saturn Tethys
24%
Star Deneb
23%
Moon of Neptune Proteus
23%
Star μ1 Boötis Aa
21%
Star Altair
21%
Naked Quasar
16%
Dwarf planet Gonggong
14%
Moon of Eris Dysnomia
9%
Gas cloud Himiko Lyman-alpha blob
9%
King Ghidorah Supercluster
9%
Galactic cluster Seyfert's Sextet
9%
Nebula Monogem Ring
7%
Exoplanet Najsakopajk
7%
Microquasar The Great Annihilator
7%
Galactic cluster El Gordo
5%
Neutron star The Cosmic Cannonball
4%
No matching quizzes found
Score Distribution
Percent of People with Each Score
Percentile by Number Answered
Your Score History
You have not taken this quiz